[Event ";)"]
[Site "http://www.queenalice.com/game.php?id=713508"]
[Date "2010.1.14"]
[Round "-"]
[White "Mr_SPOCK"]
[Black "TomasJeferson"]
[Result "1-0"]
[WhiteElo "1599"]
[BlackElo "1500"]

1. e4 e5 2. Qh5 d6 3. Bc4 g6 4. Qf3 Nf6 5. d3 Nc6 6. Bg5 Be7 7. Nc3 Nd4 8. Bxf7+
Kxf7 9. Qd1 Bg4 10. f3 Be6 11. Nge2 Nc6 12. O-O h6 13. f4 hxg5 14. fxg5 Bf8 15.
Rxf6+ Ke8 16. Rxe6+ Kd7 17. Rxg6 a6 18. d4 d5 19. Nxd5 exd4 20. Nxd4 Kc8 21. Ne6
Qd6 22. Nb6+ Kb8 23. Qg4 Qxh2+ 24. Kf2 Ne5 25. Nd7+ Nxd7 26. Qd1 Ne5 27. Qd8+
Ka7 28. Qd4+ b6 29. Rf6 Bc5 30. Nxc5 Ng4+ 31. Kf3 Raf8 32. Nd7 c5 33. Nxc5 Qh5
34. Qd7+ Kb8 35. Qb7# 1-0

[Event "Challenge"]
[Site "http://www.queenalice.com/game.php?id=713946"]
[Date "2010.1.14"]
[Round "-"]
[White "TomasJeferson"]
[Black "jamsession"]
[Result "0-1"]
[WhiteElo "1337"]
[BlackElo "1588"]

1. e3 c5 2. c4 d5 3. Nc3 d4 4. Nd5 e6 5. Nf4 Bd7 6. Nd3 Bd6 7. Qf3 Bc6 8. Qh3
Nf6 9. Be2 b6 10. b3 e5 11. Nf3 e4 12. Ng5 exd3 13. Bxd3 h6 14. Bg6 Qe7 15. Bd3
Nbd7 16. Bf5 O-O-O 17. O-O hxg5 18. d3 Rxh3 19. Bxh3 g4 20. Bxg4 Nxg4 0-1

[Event "Challenge"]
[Site "http://www.queenalice.com/game.php?id=713956"]
[Date "2010.1.14"]
[Round "-"]
[White "Kuroi"]
[Black "TomasJeferson"]
[Result "1-0"]
[WhiteElo "1730"]
[BlackElo "1569"]

1. e4 d5 2. d4 dxe4 3. Nc3 Bf5 4. Bf4 a6 5. f3 Qd7 6. fxe4 Qe6 7. e5 Qd5 8. Nxd5
Ra7 9. Nxc7+ Kd7 10. e6+ fxe6 11. d5 b5 12. dxe6+ Kc6 13. Qd5+ Kb6 14. Qxf5 Nf6
15. Bxb5 g6 16. Nd5+ Kb7 17. Qd3 Ka8 18. Nxf6 exf6 19. Qd5+ Rb7 20. Bc6 Nxc6 21.
Qxc6 Be7 22. Bd6 Bd8 23. e7 Ba5+ 24. b4 Bd8 25. Qxa6+ Ra7 26. Qc8# 1-0

[Event "Challenge"]
[Site "http://www.queenalice.com/game.php?id=713957"]
[Date "2010.1.14"]
[Round "-"]
[White "TomasJeferson"]
[Black "Kuroi"]
[Result "0-1"]
[WhiteElo "1550"]
[BlackElo "1749"]

1. e4 e5 2. Nf3 Nf6 3. c4 Nxe4 4. Bd3 d5 5. Nxe5 f6 6. Nf3 Bc5 7. O-O Ng5 8. Be2
d4 9. d3 Bg4 10. Nh4 Bxe2 11. Qxe2+ Be7 12. Bf4 h6 13. Ng6 Rg8 14. Nd2 Kf7 15.
Nh4 Nh7 16. Qe4 Nf8 17. Rfe1 Nc6 18. Qg6+ Nxg6 19. Nf5 Nxf4 20. a3 Nxd3 21. Re2
Nxb2 22. Rb1 Bxa3 23. Nb3 d3 24. Rd2 Nxc4 25. Rdd1 d2 26. Ra1 Re8 27. h3 Qd3 28.
Ne3 Qxb3 29. Nxc4 Re1+ 30. Kh2 Rxd1 31. Rxd1 Qxd1 32. Nxa3 Qb3 33. Nc2 d1=Q 34.
Ne3 Qd6+ 35. g3 Qb2 36. h4 Qdd2 37. Kh3 Qxf2 38. Nc4 Qf5+ 39. g4 Qf3# 0-1

[Event "Challenge"]
[Site "http://www.queenalice.com/game.php?id=713958"]
[Date "2010.1.14"]
[Round "-"]
[White "TomasJeferson"]
[Black "Kuroi"]
[Result "0-1"]
[WhiteElo "1405"]
[BlackElo "1728"]

1. e4 e5 2. Bc4 Nf6 3. Nh3 Nxe4 4. d3 Qh4 5. Qf3 Nf6 6. Bg5 Qh5 7. g4 Qg6 8. Nd2
h6 9. Be3 Nxg4 10. Ne4 h5 11. Neg5 f6 12. Bf7+ Qxf7 13. Nxf7 Kxf7 14. Qd5+ Ke8
15. c4 Nxe3 16. fxe3 Bb4+ 17. Ke2 c6 18. Qe4 Bf8 19. a3 d6 20. d4 Nd7 21. Rad1
b6 22. c5 Ba6+ 23. Kf3 d5 24. Qg6+ Kd8 25. Qf7 exd4 26. exd4 bxc5 27. Rhe1 Bc8
28. Qe8+ Kc7 29. dxc5 Nxc5 30. Rc1 Kb6 31. Rc4 dxc4 32. b4 cxb3 33. Rb1 Kb7 34.
Nf4 Bf5 35. Qf7+ Kb6 36. a4 Bxb1 37. Qc4 b2 38. Qb4+ Kc7 39. a5 Rb8 40. Nd5+
cxd5 41. Qf4+ Bd6 42. Qd2 Kc6 43. a6 Be4+ 44. Kf2 b1=Q 45. Qa5 Nd3+ 46. Ke3 Qc1+
47. Ke2 Nf4+ 48. Kf2 Nh3+ 49. Ke2 Rb2+ 0-1

[Event "Challenge"]
[Site "http://www.queenalice.com/game.php?id=713959"]
[Date "2010.1.14"]
[Round "-"]
[White "Kuroi"]
[Black "TomasJeferson"]
[Result "1-0"]
[WhiteElo "1740"]
[BlackElo "1559"]

1. e4 e5 2. Nf3 Nc6 3. Nc3 Nf6 4. d4 d6 5. d5 Qd7 6. dxc6 Qxc6 7. Bb5 Qxb5 8.
Nxb5 c6 9. Nc3 Be7 10. Bg5 Ng4 11. h3 Bxg5 12. Nxg5 Nf6 13. g4 h6 14. Nf3 O-O
15. Qd2 b5 16. g5 hxg5 17. Qxg5 Nh7 18. Qh4 f6 19. O-O-O a5 20. Rxd6 b4 21. Na4
Ba6 22. Nb6 Rab8 23. Rxc6 Be2 24. Nd7 g5 25. Nxf6+ Nxf6 26. Qxg5+ Kf7 27. Rxf6+
Ke8 28. Re6+ Kd7 29. Qe7+ Kc8 30. Rc6# 1-0